| 000 | 00518nam a2200157 i 4500 | ||
|---|---|---|---|
| 001 | 38736 | ||
| 003 | ES-MaACL | ||
| 005 | 20230906155817.0 | ||
| 007 | t| | ||
| 008 | 030226s1930 sp ||||1| spa d | ||
| 100 | 1 |
_aCalvache Gómez de Mercado, Angel. _933796 |
|
| 245 | 1 | 3 |
_aLa reflexoterapia _b: tratamiento de Bonnier y Asuero : (mi experiencia y fundamentos científicos) / _cpor el Dr. Calvache. |
| 260 |
_aMadrid : _bLib. Internacional Romo, _c1930. |
||
| 300 |
_a120 p. ; _c19 cm. |
||
| 852 |
_aES-MaACL _jB-11699 |
||
| 999 |
_c38736 _d38736 |
||